000 00371nam a2200157Ia 4500
008 230524s9999 xx 000 0 und d
082 _a174.7
_bFLE
100 _aCharles E.Fleddermann
245 0 _aEngineering Ethics
250 _a2ND
260 _aNEW DELHI
_bPearson
_c2004
300 _a141
500 _aQuantity Number: 2
650 _aManagement
942 _cBK
999 _c11395
_d11395